000
00340nam a2200157Ia 4500
100
_a
Negus/Christopher
650
_a
Fedora
942
_c
BK
366
_f
20
654
_a
fedora7
245
_a
Fedora 7 and RedHat enterprise Linux
260
_b
Wiley India
_c
2007
082
_a
005.133/NEG
_b
NEG
300
_a
1086
546
_a
ENGLISH
999
_c
29302
_d
29302